|
|
|
|
| LEADER |
00000nam0a2200000 4500 |
| 001 |
363450 |
| 005 |
20231102011606.0 |
| 035 |
|
|
|a (RuTPU)RU\TPU\retro\20797
|
| 035 |
|
|
|a RU\TPU\book\356578
|
| 090 |
|
|
|a 363450
|
| 100 |
|
|
|a 20211001d1980 k y0rusy50 ca
|
| 101 |
0 |
|
|a rus
|
| 102 |
|
|
|a UA
|
| 105 |
|
|
|a a z 001zy
|
| 200 |
1 |
|
|a Комплексы взрывозащищенного электрооборудования (разработка и исследование)
|e сборник научных трудов
|f Всесоюзный научно-исследовательский, проектно-конструкторский и технологический институт взрывозащищенного и рудничного электрооборудования (ВНИИВЭ) ; под ред. Ю. А. Дикого
|
| 210 |
|
|
|a Донецк
|c [Б. и.]
|d 1980
|
| 215 |
|
|
|a 72 с.
|c ил.
|
| 320 |
|
|
|a Библиогр. в конце ст.
|
| 606 |
1 |
|
|a Угольные шахты
|x Электрооборудование взрывобезопасное
|2 stltpush
|3 (RuTPU)RU\TPU\subj\62922
|9 79977
|
| 610 |
1 |
|
|a взрывозащищенная измерительная аппаратура
|
| 610 |
1 |
|
|a аппараты управления
|
| 610 |
1 |
|
|a дугогашение
|
| 610 |
1 |
|
|a электрические нагрузки
|
| 610 |
1 |
|
|a измерение
|
| 610 |
1 |
|
|a шахтные сети
|
| 610 |
1 |
|
|a напряжение
|
| 610 |
1 |
|
|a качество
|
| 610 |
1 |
|
|a электропотребление
|
| 675 |
|
|
|a 622.333.012.2:658.26
|v 4
|
| 702 |
|
1 |
|a Дикий
|b Ю. А.
|4 340
|
| 712 |
0 |
2 |
|a Всесоюзный научно-исследовательский, проектно-конструкторский и технологический институт взрывозащищенного и рудничного электрооборудования (ВНИИВЭ)
|2 stltpush
|3 (RuTPU)RU\TPU\col\8122
|
| 801 |
|
1 |
|a RU
|b 63413507
|c 20141119
|
| 801 |
|
2 |
|a RU
|b 63413507
|c 20211001
|g RCR
|
| 942 |
|
|
|c BK
|